Liberalizácia svetového obchodu na príklade EÚ a Kanady

Vývojové trendy svetového obchodu. Vplyv liberalizácie obchodu na príklade dohody o voľnom obchode medzi EÚ a Kanadou. Predpoklad rastu HDP po eliminácii obchodných bariér medzi Kanadou a EÚ.

Gespeichert in:
Bibliographische Detailangaben
1. Verfasser: Ružeková, Viera, 1957-
Format: Buchkapitel
Sprache:Slowakisch
Schlagworte:
Tags: Tag hinzufügen
Keine Tags, Fügen Sie das erste Tag hinzu!

MARC

LEADER 00000nla a2200000 4500
001 0191843
005 20240502073223.5
041 0 |a slo 
044 |a SK 
245 1 0 |a Liberalizácia svetového obchodu na príklade EÚ a Kanady  |c Viera Ružeková 
520 |a Vývojové trendy svetového obchodu. Vplyv liberalizácie obchodu na príklade dohody o voľnom obchode medzi EÚ a Kanadou. Predpoklad rastu HDP po eliminácii obchodných bariér medzi Kanadou a EÚ. 
610 2 0 |a obchod svetový 
610 2 0 |a liberalizácia 
610 2 0 |a obchod voľný 
610 2 0 |a Európska únia 
610 2 0 |a Kanada 
100 1 |a Ružeková, Viera, 1957-